GALLICUS, Peter zlatník (14. stor.)

Bibliographic Details
Format: Article
Language:Slovak
Subjects:

MARC

LEADER 00000naa a2200000uu 4500
001 vtls010917361
003 SK-MaSNL
005 20260302131533.0
008 220808|1987 xo |||||||||||||||||slo|
015 |a SNBRA 
035 |a (urnnbn)urn:nbn:sk:snk:ar-a0cx26 
035 |a (uuid)34aa2ad9-c18f-4b07-a000-5f1a48982d1a 
035 |a urn:nbn:sk:snk-aatlrp 
040 |a SNKBUCL  |b slo  |c SNKBUCL  |e AACR2 
041 0 |a slo 
044 |a xo  |c SK 
245 0 0 |a GALLICUS, Peter  |b zlatník (14. stor.) 
655 7 |a biografické heslá  |2 SNKPH  |9 368942 
773 0 |t Slovenský biografický slovník : (od roku 833 do roku 1990). II. zväzok, E-J  |d Martin : Matica slovenská, 1987  |g S. 159 
954 |a odborná, vedecká literatúra pôvodná (slovenská)  |2 lita 
958 |a BX 
958 |a OND 
958 |a chapter 
958 |a article25 
999 |c 1308421  |d 1310351